000 00547nam a2200193Ia 4500
003 GCL
008 140319s9999 xx 000 0 ara d
040 _aGCL /
_cGCL
082 0 4 _a859
_bر ا
100 1 _aريبونيو، ليفيور
245 1 0 _aالثورة /
_cريبونيو، ليفيور
700 1 _aمحمد ابراهيم زكى
700 1 _aمصطفى حبيب
300 _a532 ص
490 _aالالف كتاب
_v0
650 0 4 _aالادب الرومانى
650 0 4 _aالقصة الرومانية
942 _2ddc
_cBK
999 _c39493
_d39493